Statistics for Australia by Picture

Click here to take the quiz!

General Stats

  • This quiz has been taken 10,347 times
    (10,261 since last reset)
  • The average score is 13 of 18

Answer Stats

Answer % Correct
Kangaroo
99%
Boomerang
97%
Sydney Opera House
96%
Tasmania
93%
Emu
92%
Great Barrier Reef
90%
Uluru
87%
Qantas
83%
Vegemite
80%
Perth
80%
Didgeridoo
76%
Nicole Kidman
76%
Opal
65%
Bondi Beach
62%
Dame Edna
46%
Julia Gillard
37%
Donald Bradman
33%
Golden Wattle
26%

Score Distribution

Percentile by Number Answered

Percent of People with Each Score

Your Score History

You have not taken this quiz since the last reset